000
00229nam a2200097Ia 4500
008
240331s9999 xx 000 0 und d
082
_b
SRI
100
_a
Sri Palpandiyan,
245
0
_a
Kurusethramum oru nirayutha paniyum
942
_c
L
999
_c
3858
_d
3858